000 00670nam a2200253Ia 4500
005 20260306154625.0
008 008 260114s9999 xx 000 0 eng d
020 _a9781139168878
037 _aEBOOK
040 _aCRL
040 _beng
040 _cCRL
041 _2eng
041 _aeng
084 _qCRL
100 _aNestle
_91127916
245 2 _aA Tract of Plutarch on the Advantage to Be Derived from One's Enemies (De Capienda ex Inimicis Utilitate)
260 _bCambridge University Press
260 _c2013
650 _a Philosophy
856 _uhttps://doi.org/10.1017/CBO9781139168878
942 _cEBOOK
999 _c1708279
_d1708279